00387nam a2200109Ia 4500008004100000082001500041100002600056245007800082942000600160952009600166999001500262240331s9999 xx 000 0 und d a303.6bDIS aDissanayaka, T.D.S.A. 4aThe agony of Sri Lanka :ban in-depth account of the racial riots of 1983 cL 001040708LaWERCLbWERCLcSSCd2024-03-31l0o 303.6 DISp233r2024-03-31w2024-03-31yL c1252d1252